[Event "SLO-ch U16 Girls"]
[Site "Murska Sobota"]
[Date "2007.03.02"]
[Round "9"]
[White "Korosec, Lara"]
[Black "Bucar, Natasa"]
[Result "1/2-1/2"]
[WhiteElo "1562"]
[BlackElo "1763"]
[PlyCount "81"]
[EventDate "2007.02.25"]
[EventType "tourn"]
[EventRounds "9"]
[EventCountry "SLO"]
[SourceTitle "CBM 117 Extra"]
[Source "ChessBase"]
[SourceDate "2007.05.09"]
[SourceVersion "1"]
[SourceVersionDate "2007.05.09"]
[SourceQuality "1"]

1. e4 c5 2. Nf3 d6 3. Bb5+ Bd7 4. Bxd7+ Qxd7 5. 0-0 e6 6. d3 Be7 7. Qe2 Nc6 8. Be3 Nf6 9. Ng5 d5 10. e5 Nxe5 11. Bxc5 Bxc5 12. Qxe5 Bd6 13. Qe2 Qc7 14. h3 0-0 15. Nc3 a6 16. Rac1 Bf4 17. Nxe6 fxe6 18. Qxe6+ Qf7 19. Rce1 Bd2 20. Re5 Qxe6 21. Rxe6 Rac8 22. Nb1 Rxc2 23. Re2 Rxb2 24. Rxd2 Rxd2 25. Nxd2 Rc8 26. Rb1 Rc2 27. Nf3 b5 28. a4 bxa4 29. Ne5 h6 30. Ra1 Ne8 31. Rxa4 Nc7 32. d4 Nb5 33. Rxa6 Nxd4 34. Rd6 Rd2 35. g3 Ne2+ 36. Kg2 Nc3 37. Nc4 Rd1 38. Ne3 Rd2 39. Nf5 Kf7 40. Rc6 Ne4 41. Nd6+ 1/2-1/2

[Event "SLO-ch U16 Girls"]
[Site "Murska Sobota"]
[Date "2007.02.26"]
[Round "3"]
[White "Orehek, Spela"]
[Black "Korosec, Lara"]
[Result "1-0"]
[WhiteElo "1851"]
[BlackElo "1562"]
[PlyCount "65"]
[EventDate "2007.02.25"]
[EventType "tourn"]
[EventRounds "9"]
[EventCountry "SLO"]
[SourceTitle "CBM 117 Extra"]
[Source "ChessBase"]
[SourceDate "2007.05.09"]
[SourceVersion "1"]
[SourceVersionDate "2007.05.09"]
[SourceQuality "1"]

1. e4 e5 2. Nf3 Nc6 3. d4 exd4 4. Bc4 Nf6 5. Ng5 Ne5 6. Qxd4 Nxc4 7. Qxc4 d5 8. exd5 Qxd5 9. Qe2+ Be6 10. 0-0 0-0-0 11. Nc3 Qf5 12. Be3 a6 13. Rab1 Bd6 14. Nxe6 Qxe6 15. h3 Rhe8 16. Qf3 Be5 17. Rfe1 Bxc3 18. bxc3 c6 19. Rb3 Rd7 20. Reb1 Qd6 21. c4 Ne4 22. Rd3 Qe7 23. Qg4 g6 24. Rxb7 f5 25. Rdxd7 Qxd7 26. Rxd7 fxg4 27. Rxh7 gxh3 28. gxh3 Nc3 29. Ra7 Nd1 30. Ra8+ Kd7 31. Rxe8 Kxe8 32. Bd4 Kf7 33. Kf1 1-0

[Event "SLO-chT (Women) 16th"]
[Site "Ljubljana"]
[Date "2006.07.08"]
[Round "8"]
[White "Vombek, Sara"]
[Black "Korosec, Lara"]
[Result "1-0"]
[WhiteElo "1822"]
[BlackElo "1537"]
[PlyCount "90"]
[EventDate "2006.07.03"]
[EventType "team-tourn"]
[EventRounds "9"]
[EventCountry "SLO"]
[SourceTitle "EXT 2008"]
[Source "ChessBase"]
[SourceDate "2007.11.25"]
[SourceVersion "1"]
[SourceVersionDate "2007.11.25"]
[SourceQuality "1"]

1. e4 e5 2. Nf3 Nc6 3. Bb5 a6 4. Bxc6 dxc6 5. 0-0 Bd6 6. d4 Qe7 7. c4 b6 8. Qd3 Bg4 9. Nxe5 Bxe5 10. dxe5 Qxe5 11. f4 Qc5+ 12. Be3 Qe7 13. Nc3 Nf6 14. e5 Rd8 15. Qc2 0-0 16. Rae1 Nd7 17. h3 Bh5 18. g4 Bg6 19. f5 Nxe5 20. fxg6 Nxc4 21. gxh7+ Kh8 22. Bf2 Ne5 23. Qe4 Rfe8 24. Bg3 f6 25. Bxe5 Qc5+ 26. Bd4 Rxe4 27. Bxc5 Rxe1 28. Rxe1 bxc5 29. Rd1 Rb8 30. b3 Re8 31. Kf2 Kxh7 32. Rd7 f5 33. gxf5 Rf8 34. Rxc7 Rxf5+ 35. Kg3 Kh6 36. Rxc6+ Kh5 37. Rxa6 Rg5+ 38. Kh2 Rf5 39. Ra4 g5 40. Rc4 Rf4 41. Rxf4 gxf4 42. Kg2 Kg5 43. Ne4+ Kf5 44. Nxc5 Ke5 45. a4 Kd4 1-0

[Event "SLO-chT (Women) 16th"]
[Site "Ljubljana"]
[Date "2006.07.06"]
[Round "7"]
[White "Korosec, Lara"]
[Black "Kolaric, Spela"]
[Result "0-1"]
[WhiteElo "1537"]
[BlackElo "1836"]
[PlyCount "68"]
[EventDate "2006.07.03"]
[EventType "team-tourn"]
[EventRounds "9"]
[EventCountry "SLO"]
[SourceTitle "EXT 2008"]
[Source "ChessBase"]
[SourceDate "2007.11.25"]
[SourceVersion "1"]
[SourceVersionDate "2007.11.25"]
[SourceQuality "1"]

1. e4 e5 2. Nf3 Nc6 3. Bc4 Bc5 4. Nc3 d6 5. d3 h6 6. Be3 Bb6 7. h3 Nge7 8. Qd2 Be6 9. Bb3 Bxb3 10. axb3 0-0 11. Bxh6 gxh6 12. Qxh6 f6 13. g4 Qe8 14. 0-0-0 Qg6 15. Qh4 Nd4 16. Nd2 Qg5 17. Qg3 Ba5 18. h4 Bxc3 19. Rhe1 Bxd2+ 20. Rxd2 Qf4 21. Qxf4 exf4 22. Rh1 Nf3 23. Rdd1 Ng6 24. h5 Nge5 25. Rh3 Ng5 26. Rh4 Rad8 27. h6 Kh7 28. c4 b5 29. Kc2 c6 30. Ra1 Rd7 31. Rh5 bxc4 32. bxc4 d5 33. b3 dxc4 34. dxc4 Nxe4 0-1

[Event "SLO-ch U14 Girls"]
[Site "Murska Sobota"]
[Date "2006.03.01"]
[Round "6"]
[White "Reberc, Ana"]
[Black "Korosec, Lara"]
[Result "0-1"]
[WhiteElo "1500"]
[BlackElo "1500"]
[PlyCount "74"]
[EventDate "2006.02.26"]
[EventType "swiss"]
[EventRounds "9"]
[EventCountry "SLO"]
[SourceTitle "EXT 2009"]
[Source "ChessBase"]
[SourceDate "2008.11.26"]
[SourceVersion "1"]
[SourceVersionDate "2008.11.26"]
[SourceQuality "1"]

1. e4 e5 2. Nf3 Nc6 3. Bc4 Bc5 4. c3 Bb6 5. d4 Nf6 6. Bd5 Qe7 7. Bxc6 dxc6 8. Nbd2 exd4 9. cxd4 Nxe4 10. Nxe4 Qxe4+ 11. Be3 Bg4 12. 0-0 0-0-0 13. Re1 Bxf3 14. Qxf3 Qxf3 15. gxf3 Bxd4 16. Bxd4 Rxd4 17. Kg2 h5 18. Re7 Rf4 19. Kg3 g5 20. Re5 h4+ 21. Kg2 f5 22. Rae1 Kd7 23. Re7+ Kd8 24. Rg7 g4 25. fxg4 fxg4 26. Re3 Rhf8 27. Re2 b5 28. a3 h3+ 29. Kg3 Rf3+ 30. Kxg4 Rxf2 31. Rxf2 Rxf2 32. Kxh3 Rxb2 33. Kg3 Rb3+ 34. Kg4 Rb2 35. h4 Rg2+ 36. Kh5 Rxg7 37. Kh6 Rg1 0-1